| 000 | 01452cam a2200349Ia 4500 | ||
|---|---|---|---|
| 001 | 77079748 | ||
| 003 | OCoLC | ||
| 005 | 20170705151016.0 | ||
| 008 | 061219t20062003nyua j 001 0 spa d | ||
| 020 |
_a0756623456 (pbk.) : _c$3.99 |
||
| 020 | _a9780756623456 (pbk.) | ||
| 040 |
_aJBO _cJBO _dBAKER _dGK8 _dBTCTA |
||
| 041 | 1 |
_aspa _heng |
|
| 100 | 1 | _aHayden, Kate. | |
| 240 | 1 | 0 |
_aAstronaut. _lSpanish. |
| 245 | 1 | 0 |
_aAstronauta : _bla vida en el espacio / _cescrito por Kate Hayden [illustrador, Peter Dennis ; traduccion, Scott Foresman]. |
| 260 |
_aNew York : _bDK, _c2006, c2003. |
||
| 300 |
_a31 p. : _bcol. ill. ; _c23 cm. |
||
| 490 | 1 | _aDK readers. 2, Lectura asistida. | |
| 500 | _aIncludes index. | ||
| 520 | _aDescribes the various steps necessary for an astronaut to prepare for a flight into space and follows astronaut Linda Gardner as she trains for her space shuttle mission. | ||
| 526 |
_aDK Readers _clectura 2 asistida |
||
| 650 | 0 |
_aLife support systems (Space environment) _vJuvenile literature. |
|
| 650 | 0 |
_aAstronauts _vJuvenile literature. |
|
| 650 | 0 |
_aSpanish language materials _vJuvenile literature. |
|
| 650 | 7 |
_aAstronautas _vLiteratura juvenil. _2bidex. |
|
| 650 | 7 |
_aSistemas mantenedores de vida (Ambiente espacial) _vLiteratura juvenil. _2bidex. |
|
| 700 | 1 | _aDennis, Peter. | |
| 700 | 1 | _aForesman, Scott. | |
| 830 | 0 |
_aDorling Kindersley readers. _n2, _pBeginning to read alone. _lSpanish. |
|
| 942 |
_2ddc _cBK |
||
| 999 |
_c18100 _d18100 |
||